000 00621nam a22002417a 4500
001 2243
005 20231113143410.0
020 _a9780531204252
040 _aFISKGH
_beng
_cFISKGH
_dFISKGH
050 _aGV837.6
082 _a797.2
100 _aMiller, Amanda
245 _aLet's Talk Swimming /
_cBy Amanda Miller
260 _aNew York :
_bScholastic,
_c2009
300 _a24 pages :
_billustrations
_c20 cm
505 _aH
520 _aA very simple introduction to the sport of swimming.
521 _a480
_bLexile
521 _aH
_bRaz-Plus
650 _aSports
650 _aAthlete
942 _2ddc
_cBK
_n0
999 _c2243
_d2243